000 00540nam a2200181 a 4500
001 000040417
005 20201002034124.0
008 130823s1985 sp 000 0 spa d
020 _a843500760X
040 _aDO-SdBNP
_bspa
_cBNPHU
100 1 _aGreene, Graham
_938207
240 1 4 _aThe comedians
_lEspañol
245 1 4 _aLos comediantes /
_cGraham Greene ; traducción Enrique Pezzoni.
260 _aBarcelona :
_bEdhasa,
_c1985.
300 _a361 p.
500 _aTraducido del idioma inglés
700 1 _aPezzoni Enrique,
_etrad.
_962981
999 _c39907
_d39907